Procesos básicos de manufactura
Na minha lista:
| Main Authors: | , , |
|---|---|
| Formato: | Livro |
| Idioma: | espanhol |
| Publicado em: |
Bogotá
Mc Graw Hill
1987
|
| Assuntos: | |
| Tags: |
Adicionar Tag
Sem tags, seja o primeiro a adicionar uma tag!
|
MARC
| LEADER | 00000nam a2200000 a 4500 | ||
|---|---|---|---|
| 001 | UCI2419 | ||
| 003 | CL-VaPUC | ||
| 008 | 070824e19870000CK |||||||||||||||||spa|d | ||
| 020 | |a 9684513666 | ||
| 082 | 0 | 4 | |a 658.56 |b KAZ |2 21 |
| 100 | |a Kazanas, H. C |e author |9 369043 | ||
| 700 | 0 | |a Baker, Glenn E |e author |9 523458 | |
| 700 | 0 | |a Gregor, Thomas G |e author |9 523459 | |
| 245 | 1 | 0 | |a Procesos básicos de manufactura |
| 300 | |a 392 p | ||
| 942 | |c BK | ||
| 945 | |d 20070824 00:00:00 |a rbrito | ||
| 260 | |a Bogotá |b Mc Graw Hill |c 1987 | ||
| 650 | 0 | |a Producción industrial |9 307907 | |
| 650 | 7 | |a CRECIMIENTO DE LA PRODUCCION |2 CL-VaPUC |9 364627 | |
| 650 | 0 | |a Desarrollo industrial |9 322675 | |
| 650 | 0 | |a Producción |x Planificación |9 260672 | |
| 650 | 0 | |a Procesos industriales |9 334036 | |
| 650 | 7 | |a TECNICAS DE PRODUCCION |2 CL-VaPUC |9 352706 | |
| 650 | 7 | |a PRODUCCION EN SERIE |2 CL-VaPUC |9 523460 | |
| 583 | |a last modification |c 20070824 00:00:00 |k Rodrigo Vera | ||
| 999 | |c 327002 |d 327000 | ||